| 000 | 00659nam a2200193 4500 | ||
|---|---|---|---|
| 999 |
_c14547 _d14547 |
||
| 008 | 191007b ||||| |||| 00| 0 eng d | ||
| 020 | _a978-1-63238-691-5 | ||
| 082 |
_22019 _aDC 621.381 _bH314 |
||
| 100 |
_aHawkins, Rachell _940221 |
||
| 245 |
_aDigital electronics : _bprinciples and theories / _cRachell Hawkins . |
||
| 260 |
_aNew York: _bNY Research Press , _c©2019. |
||
| 300 |
_avi, 258 pages: _bcolor illustrations ; _c27 cm |
||
| 500 | _aIncludes bibliographical references and index. | ||
| 650 |
_aDigital electronics _940222 |
||
| 650 |
_aElectronic systems _940223 |
||
| 650 |
_aElectronics _940224 |
||
| 365 |
_b5,637.00 _cPhp |
||
| 942 |
_2ddc _cDC |
||